000 01004pam a2200313 a 4500
001 115427
005 20230410105256.0
008 920818s1992 nyu 001 0 eng
035 _9(DLC) 92032716
035 _a3450902
010 _a92032716
020 _a1879823012
040 _aDLC
_cDLC
_dDLC
043 _aa-is---
_an-us---
050 1 4 _aUF 535.I7
_bB456p 1992
082 0 0 _a355/.0325694
100 2 _aBen-Menashe, Ari,
_d1951-
245 1 0 _aProfits of war :
_binside the secret U.S.-Israeli arms network /
_cAri Ben-Menashe.
260 _aNew York :
_bSheridan Square Press ;
_aLanham, MD :
_bDistributed to the trade by National Book Network,
_cc1992.
300 _axv, 394 p. ;
_c24 cm.
500 _aIncludes index.
650 0 _aArms transfers
_zIsrael.
651 0 _aUnited States
_xMilitary policy.
651 4 _aEstados Unidos
_xPolĂ­tica Militar.
650 4 _aAsistencia militar, Israeli.
650 0 _aMilitary assistance, Israeli.
942 _2lcc
_cbk
946 _aYSL
999 _c33410
_d33410